[Event "TCh-FRA Top 12 2016"]
[Site "Drancy FRA"]
[Date "2016.05.29"]
[Round "2.5"]
[Board "1"]
[White "Vachier-Lagrave, Maxime"]
[Black "Baklan, Vladimir"]
[Result "1-0"]
[WhiteTitle "GM"]
[BlackTitle "GM"]
[WhiteElo "2788"]
[BlackElo "2614"]
[WhiteTeam "CLICHY Echecs 92"]
[BlackTeam "C.E. STRASBOURG"]
[WhiteFideId "623539"]
[BlackFideId "14102196"]
[EventDate "2016.05.28"]

1. c4 e5 2. Nc3 Bb4 3. Nd5 Bc5 4. Nf3 c6 5. Nc3 d6 6. e3 Qe7 7. Be2 e4 8. Nd4
Nf6 9. d3 exd3 10. Qxd3 O-O 11. O-O Nbd7 12. Rd1 Ne5 13. Qc2 Re8 14. b3 Ng6 15.
Na4 Bxd4 16. Rxd4 c5 17. Rd1 Nh4 18. f3 Nf5 19. Rd3 b6 20. Nc3 Ba6 21. g4 Nh4
22. e4 d5 23. Bg5 dxe4 24. Re3 Qe5 25. Bxh4 Qf4 26. Qc1 1-0

[Event "TCh-FRA Top 12 2016"]
[Site "Drancy FRA"]
[Date "2016.05.29"]
[Round "2.5"]
[Board "2"]
[White "Nataf, Igor-Alexandre"]
[Black "Fressinet, Laurent"]
[Result "1/2-1/2"]
[WhiteTitle "GM"]
[BlackTitle "GM"]
[WhiteElo "2531"]
[BlackElo "2692"]
[WhiteTeam "C.E. STRASBOURG"]
[BlackTeam "CLICHY Echecs 92"]
[WhiteFideId "605492"]
[BlackFideId "608742"]
[EventDate "2016.05.28"]

1. e4 e5 2. Nf3 Nc6 3. d4 exd4 4. Nxd4 Bc5 5. Nb3 Bb6 6. Nc3 Nf6 7. Qe2 a5 8. a4
O-O 9. Bg5 h6 10. Bh4 Nd4 11. Qd3 Nxb3 12. cxb3 c6 13. O-O-O d5 14. exd5 cxd5
15. Nxd5 g5 16. Qf3 Nxd5 17. Rxd5 Qc7+ 18. Bc4 Be6 19. Bxg5 Bxd5 20. Qxd5 hxg5
21. Qxg5+ Kh8 22. Qh6+ Kg8 23. Qg6+ Kh8 24. Qh6+ Kg8 1/2-1/2

[Event "TCh-FRA Top 12 2016"]
[Site "Drancy FRA"]
[Date "2016.05.29"]
[Round "2.5"]
[Board "3"]
[White "Hammer, Jon Ludvig"]
[Black "Sanikidze, Tornike"]
[Result "1-0"]
[WhiteTitle "GM"]
[BlackTitle "GM"]
[WhiteElo "2689"]
[BlackElo "2537"]
[WhiteTeam "CLICHY Echecs 92"]
[BlackTeam "C.E. STRASBOURG"]
[WhiteFideId "1503707"]
[BlackFideId "13602608"]
[EventDate "2016.05.28"]

1. c4 e6 2. Nc3 d5 3. d4 Bb4 4. a3 Bxc3+ 5. bxc3 Nf6 6. cxd5 exd5 7. e3 c5 8.
Bd3 O-O 9. Ne2 b6 10. O-O Ba6 11. f3 Bxd3 12. Qxd3 Re8 13. Ng3 Nc6 14. Bb2 c4
15. Qe2 h5 16. e4 h4 17. Nf5 dxe4 18. fxe4 Rxe4 19. Qf3 Re6 20. Ne3 Rc8 21. Rad1
Ne7 22. d5 Re4 23. d6 Ng6 24. d7 Rc5 25. Nd5 Re6 26. Nxf6+ Rxf6 27. Qb7 Rxf1+
28. Kxf1 Ne5 29. Rd2 Nd3 30. Re2 Rf5+ 31. Kg1 Qf6 32. Qa8+ Kh7 33. Qe4 g6 34.
Qxf5 gxf5 35. Re8 Qd6 36. d8=Q Qc5+ 37. Qd4 Qxd4+ 38. cxd4 Nxb2 39. d5 Nd3 40.
d6 Nc5 41. Kf2 Kg7 42. Ke3 c3 43. Kd4 Ne4 44. d7 c2 45. Rc8 Nc5 46. d8=Q Ne6+
47. Ke5 Nxd8 48. Rxc2 Ne6 49. h3 f4 50. Rc3 Kg6 51. Rc8 Kg7 52. Kf5 a5 53. Rb8
b5 54. Kg4 Nd4 55. Kxf4 a4 56. Ke4 Ne2 57. Ke3 Nc3 58. Kd3 Nd5 59. Rxb5 Nf4+ 60.
Ke4 Nxg2 61. Rg5+ 1-0

[Event "TCh-FRA Top 12 2016"]
[Site "Drancy FRA"]
[Date "2016.05.29"]
[Round "2.5"]
[Board "4"]
[White "Rozentalis, Eduardas"]
[Black "Tkachiev, Vladislav"]
[Result "1/2-1/2"]
[WhiteTitle "GM"]
[BlackTitle "GM"]
[WhiteElo "2593"]
[BlackElo "2660"]
[WhiteTeam "C.E. STRASBOURG"]
[BlackTeam "CLICHY Echecs 92"]
[WhiteFideId "12800023"]
[BlackFideId "618438"]
[EventDate "2016.05.28"]

1. e4 c5 2. Nf3 e6 3. c3 Nf6 4. e5 Nd5 5. Bc4 d6 6. d4 cxd4 7. cxd4 Be7 8. O-O
O-O 9. Re1 Nc6 10. exd6 Bxd6 11. Nc3 h6 12. h3 Nxc3 13. bxc3 b6 14. Bb3 Ba6 15.
Qc2 Na5 16. Qe4 Bb7 17. Qg4 Qf6 18. Ne5 Nxb3 1/2-1/2

[Event "TCh-FRA Top 12 2016"]
[Site "Drancy FRA"]
[Date "2016.05.29"]
[Round "2.5"]
[Board "5"]
[White "Hamdouchi, Hicham"]
[Black "Vaisser, Anatoly"]
[Result "1/2-1/2"]
[WhiteTitle "GM"]
[BlackTitle "GM"]
[WhiteElo "2585"]
[BlackElo "2509"]
[WhiteTeam "CLICHY Echecs 92"]
[BlackTeam "C.E. STRASBOURG"]
[WhiteFideId "9000011"]
[BlackFideId "603252"]
[EventDate "2016.05.28"]

1. e4 c5 2. Nf3 Nc6 3. Bb5 g6 4. O-O Bg7 5. Re1 e5 6. Bxc6 dxc6 7. d3 Qe7 8. a3
Nf6 9. b4 Bg4 10. bxc5 Nd7 11. a4 Qxc5 12. Nbd2 Qe7 13. Ba3 c5 14. h3 Bxf3 15.
Qxf3 Nf8 16. Nc4 Ne6 17. Ne3 O-O 18. Nd5 Qd6 19. Rab1 Rab8 20. Qe3 f5 21. Qd2
Rf7 22. a5 b5 1/2-1/2

[Event "TCh-FRA Top 12 2016"]
[Site "Drancy FRA"]
[Date "2016.05.29"]
[Round "2.5"]
[Board "6"]
[White "Sharif, Mehrshad"]
[Black "Tregubov, Pavel V."]
[Result "1/2-1/2"]
[WhiteTitle "IM"]
[BlackTitle "GM"]
[WhiteElo "2425"]
[BlackElo "2593"]
[WhiteTeam "C.E. STRASBOURG"]
[BlackTeam "CLICHY Echecs 92"]
[WhiteFideId "600121"]
[BlackFideId "4115341"]
[EventDate "2016.05.28"]

1. e4 c5 2. Nf3 e6 3. c3 d5 4. exd5 exd5 5. d4 Nc6 6. Bb5 Bd6 7. O-O Ne7 8. dxc5
Bxc5 9. Nbd2 O-O 10. Nb3 Bd6 11. Bg5 Bg4 12. Bh4 Qb6 13. Bd3 h6 14. Bg3 Bxg3 15.
hxg3 a5 16. Qc2 Bxf3 17. gxf3 a4 18. Nd2 Ne5 19. f4 Nxd3 20. Qxd3 Nc6 21. Nf3
Rfd8 22. Rab1 d4 23. Rfd1 dxc3 24. Qxc3 Rac8 25. Rxd8+ Rxd8 26. Re1 Qb5 27. a3
f6 28. Qc2 Qd3 29. Qxd3 Rxd3 30. Kg2 Kf7 31. Re3 Rxe3 32. fxe3 Na5 33. Nd2 Ke6
34. e4 Kd6 35. Kf3 Kc5 36. Kg4 Kd4 37. Kf5 Ke3 38. Nb1 Nc6 39. Nc3 Kf3 40. e5
fxe5 41. fxe5 Kxg3 42. Nxa4 h5 43. Nc5 h4 44. Ne4+ Kg2 45. Ng5 h3 46. Nxh3 Kxh3
47. Kg6 Kg4 48. e6 Kf4 49. Kxg7 Ke5 50. Kf7 Nd8+ 51. Ke7 Nxe6 52. Kd7 Kd5 53. a4
Nc5+ 54. Kc7 Kc4 55. Kb6 Kb4 56. b3 Kxb3 57. Kxc5 Kxa4 58. Kb6 Kb4 1/2-1/2

[Event "TCh-FRA Top 12 2016"]
[Site "Drancy FRA"]
[Date "2016.05.29"]
[Round "2.5"]
[Board "7"]
[White "Barbot, Pierre1"]
[Black "Vitoux, Colomban"]
[Result "0-1"]
[WhiteTitle "IM"]
[BlackTitle "IM"]
[WhiteElo "2429"]
[BlackElo "2385"]
[WhiteTeam "CLICHY Echecs 92"]
[BlackTeam "C.E. STRASBOURG"]
[WhiteFideId "663727"]
[BlackFideId "628549"]
[EventDate "2016.05.28"]

1. d4 Nf6 2. c4 c6 3. Nc3 d5 4. e3 g6 5. Bd3 Bg7 6. Qc2 O-O 7. Nf3 c5 8. dxc5
Na6 9. cxd5 Nb4 10. Qd2 Nfxd5 11. Be4 Nxc3 12. bxc3 Na6 13. c6 Qc7 14. O-O Nc5
15. cxb7 Bxb7 16. Bxb7 Qxb7 17. Nd4 e5 18. Ne2 Rfd8 19. Qc2 Rac8 20. Ba3 Nd3 21.
Rab1 Qa6 22. Rb3 Rc4 23. Be7 Rd7 24. Rb8+ Rc8 25. Rxc8+ Qxc8 26. Ba3 Qa6 27. Bc1
e4 28. Nd4 Rb7 29. Rd1 Qc4 30. Ba3 f5 31. h3 Bxd4 32. exd4 Rc7 33. Rb1 Kg7 34.
Bd6 Qxc3 35. Qxc3 Rxc3 36. Rb7+ Kf6 37. Rxa7 Rc1+ 38. Kh2 Nxf2 39. Bf4 Rh1+ 40.
Kg3 Nd3 41. Ra6+ Kf7 42. d5 Nb4 43. Ra7+ Kf6 44. a3 Nxd5 45. Ra6+ Kf7 46. Ra7+
Ke6 47. Ra6+ Kf7 48. Ra7+ Ke8 49. Rxh7 Rf1 50. Bg5 f4+ 51. Kg4 Ne3+ 52. Kh4 Nf5+
53. Kg4 Ne3+ 54. Kh4 Nxg2+ 55. Kg4 Ne3+ 56. Kh4 Rg1 0-1

[Event "TCh-FRA Top 12 2016"]
[Site "Drancy FRA"]
[Date "2016.05.29"]
[Round "2.5"]
[Board "8"]
[White "Nicoara, Malina"]
[Black "Skripchenko, Almira"]
[Result "1/2-1/2"]
[WhiteTitle "WIM"]
[BlackTitle "IM"]
[WhiteElo "2088"]
[BlackElo "2453"]
[WhiteTeam "C.E. STRASBOURG"]
[BlackTeam "CLICHY Echecs 92"]
[WhiteFideId "604631"]
[BlackFideId "13900145"]
[EventDate "2016.05.28"]

1. d4 d6 2. Nf3 g6 3. e4 Bg7 4. Be2 Nd7 5. O-O e5 6. dxe5 dxe5 7. b3 Ngf6 8. Nc3
O-O 9. a4 Nh5 10. Ba3 Re8 11. Re1 Nf4 12. Bc4 c6 13. g3 Ne6 14. Qd2 Qf6 15. Kg2
Nb6 16. Be2 Rd8 17. Qc1 a5 18. Rd1 Nd4 19. Ng1 Be6 20. Qb2 Nd7 21. f3 h5 22. h4
Bh6 23. Bc4 Bxc4 24. bxc4 b6 25. Nce2 Qe6 26. c3 Nxe2 27. Qxe2 Bf8 28. Bxf8 Nxf8
29. Rab1 Rxd1 30. Rxd1 Kg7 31. Rb1 Nd7 32. Nh3 Rb8 33. Nf2 Nc5 34. Qa2 f5 35.
exf5 Qxf5 36. Re1 Rd8 37. Re3 Rd6 38. Qe2 Re6 39. Qd1 Qf8 40. Ne4 Nxe4 41. Rxe4
Qe8 42. Qe2 Kf7 43. c5 b5 44. Qa2 bxa4 45. Rxe5 Kf6 46. Rxe6+ Qxe6 47. Qxa4 Qe2+
48. Kg1 Qe3+ 49. Kg2 Qxc5 50. c4 Ke6 51. Qc2 Qf5 52. Qd1 Qe5 53. Qc2 Kd7 54. c5
Qd4 55. Qxg6 a4 56. Qxh5 Qd2+ 57. Kg1 a3 58. Qf7+ Kd8 59. Qf8+ Kc7 60. Qf7+ Kc8
61. Qg8+ Kc7 62. Qf7+ Kc8 1/2-1/2

[Event "TCh-FRA Top 12 2016"]
[Site "Drancy FRA"]
[Date "2016.05.29"]
[Round "2.6"]
[Board "1"]
[White "Salgado Lopez, Ivan"]
[Black "Solodovnichenko, Yuri"]
[Result "1-0"]
[WhiteTitle "GM"]
[BlackTitle "GM"]
[WhiteElo "2618"]
[BlackElo "2587"]
[WhiteTeam "L'Echiquier Chalonnais, CHALONS-EN-CHAMPAGNE"]
[BlackTeam "VANDOEUVRE Echecs"]
[WhiteFideId "2257327"]
[BlackFideId "14104369"]
[EventDate "2016.05.28"]

1. e4 e5 2. Nf3 Nf6 3. Nxe5 d6 4. Nf3 Nxe4 5. d4 d5 6. Bd3 Nc6 7. O-O Be7 8.
Nbd2 Nxd2 9. Bxd2 O-O 10. c3 Bg4 11. h3 Bh5 12. g3 Qd7 13. Kg2 a6 14. Ne5 Bxd1
15. Nxd7 Rfd8 16. Raxd1 Rxd7 17. Rfe1 Bd6 18. h4 Re7 19. Rxe7 Nxe7 20. h5 h6 21.
g4 c6 22. f4 f5 23. g5 g6 24. Rh1 Kg7 25. gxh6+ Kxh6 26. hxg6+ Kxg6 27. Kf3 Rg8
28. Be1 Kf7 29. Bg3 a5 30. Rh6 Rg6 31. Rh5 Ke6 32. a4 Rf6 33. Bh4 Rf7 34. Rh6+
Kd7 35. Bg5 Ng8 36. Rh7 Ke6 37. Rxf7 Kxf7 38. Bxf5 Nf6 39. Bd3 Be7 40. Bh4 Nd7
41. Be1 Nf6 42. b3 Ba3 43. c4 Bb2 44. Bxa5 Bxd4 45. cxd5 Nxd5 46. Ke4 Bc5 47.
Bc4 Ke6 48. Bc3 1-0

[Event "TCh-FRA Top 12 2016"]
[Site "Drancy FRA"]
[Date "2016.05.29"]
[Round "2.6"]
[Board "2"]
[White "Donchenko, Alexander"]
[Black "Krasenkow, Michal"]
[Result "1/2-1/2"]
[WhiteTitle "GM"]
[BlackTitle "GM"]
[WhiteElo "2569"]
[BlackElo "2610"]
[WhiteTeam "VANDOEUVRE Echecs"]
[BlackTeam "L'Echiquier Chalonnais, CHALONS-EN-CHAMPAGNE"]
[WhiteFideId "24603295"]
[BlackFideId "1113100"]
[EventDate "2016.05.28"]

1. Nf3 d6 2. d4 Nf6 3. c4 Bg4 4. Qb3 Qc8 5. Nc3 g6 6. h3 Bxf3 7. exf3 Bg7 8. Be2
O-O 9. Be3 e5 10. dxe5 dxe5 11. f4 Nc6 12. fxe5 Nxe5 13. O-O Re8 14. Rad1 c6 15.
Rd2 Ned7 16. Rfd1 Bf8 17. Bf3 Ne5 18. Be2 Ned7 19. Qc2 Qc7 20. Ne4 Rxe4 21. Rxd7
Nxd7 22. Qxe4 Nc5 23. Qd4 a5 24. Bf4 Qe7 25. Be3 Qc7 26. Bf4 Qe7 27. Be3 1/2-1/2

[Event "TCh-FRA Top 12 2016"]
[Site "Drancy FRA"]
[Date "2016.05.29"]
[Round "2.6"]
[Board "3"]
[White "Velten, Paul"]
[Black "Bailet, Pierre"]
[Result "1/2-1/2"]
[WhiteTitle "IM"]
[BlackTitle "IM"]
[WhiteElo "2469"]
[BlackElo "2499"]
[WhiteTeam "L'Echiquier Chalonnais, CHALONS-EN-CHAMPAGNE"]
[BlackTeam "VANDOEUVRE Echecs"]
[WhiteFideId "681091"]
[BlackFideId "655830"]
[EventDate "2016.05.28"]

1. d4 Nf6 2. c4 c6 3. Nf3 d5 4. e3 Bf5 5. Nc3 e6 6. Nh4 Bg6 7. Nxg6 hxg6 8. g3
Nbd7 9. Bg2 Be7 10. Qe2 O-O 11. O-O dxc4 12. Qxc4 e5 13. Rd1 exd4 14. exd4 Nb6
15. Qb3 Qd7 16. d5 Nbxd5 17. Nxd5 Nxd5 18. Bxd5 cxd5 19. Rxd5 Qe6 20. Be3 b6 21.
Rad1 Bf6 22. Qa3 Rfc8 23. b3 Rc7 24. Qa6 Re8 25. Qb5 Rec8 26. Qa6 Re8 27. Qa4 1/2-1/2

[Event "TCh-FRA Top 12 2016"]
[Site "Drancy FRA"]
[Date "2016.05.29"]
[Round "2.6"]
[Board "4"]
[White "Hamitevici, Vladimir"]
[Black "Cossin, Sebastien"]
[Result "0-1"]
[WhiteTitle "IM"]
[BlackTitle "IM"]
[WhiteElo "2468"]
[BlackElo "2514"]
[WhiteTeam "VANDOEUVRE Echecs"]
[BlackTeam "L'Echiquier Chalonnais, CHALONS-EN-CHAMPAGNE"]
[WhiteFideId "13902393"]
[BlackFideId "618802"]
[EventDate "2016.05.28"]

1. b3 e5 2. Bb2 Nc6 3. c4 Nf6 4. e3 d5 5. cxd5 Nxd5 6. d3 Bc5 7. a3 O-O 8. b4
Bxe3 9. fxe3 Nxe3 10. Qd2 Nd4 11. Bxd4 exd4 12. Nf3 Bg4 13. h4 a5 14. b5 Bxf3
15. gxf3 Re8 16. Be2 Re6 17. Kf2 Qd6 18. h5 Rae8 19. Ra2 Re5 20. Rh3 Rg5 21. Bf1
Qe6 22. Rh4 Nd1+ 23. Qxd1 Qe3# 0-1

[Event "TCh-FRA Top 12 2016"]
[Site "Drancy FRA"]
[Date "2016.05.29"]
[Round "2.6"]
[Board "5"]
[White "Letreguilly, Olivier"]
[Black "Brunner, Nicolas"]
[Result "0-1"]
[WhiteTitle "FM"]
[BlackTitle "IM"]
[WhiteElo "2306"]
[BlackElo "2442"]
[WhiteTeam "L'Echiquier Chalonnais, CHALONS-EN-CHAMPAGNE"]
[BlackTeam "VANDOEUVRE Echecs"]
[WhiteFideId "600997"]
[BlackFideId "620246"]
[EventDate "2016.05.28"]

1. e4 c5 2. Nf3 d6 3. d4 cxd4 4. Nxd4 Nf6 5. Nc3 a6 6. f4 e5 7. Nf3 Nbd7 8. Bc4
Be7 9. O-O O-O 10. Kh1 b5 11. Bd5 Rb8 12. Bc6 Qc7 13. Nd5 Nxd5 14. exd5 Bf6 15.
Ng5 exf4 16. Qh5 Bxg5 17. Qxg5 f6 18. Qxf4 Ne5 19. Qg3 Bb7 20. Bxb7 Rxb7 21. Bd2
Qxc2 22. Bb4 Rd7 23. Qb3 Qc4 24. Qa3 Nd3 25. Bd2 Qxd5 26. Qc3 Re7 27. Rf3 Nc5
28. Bf4 Re2 29. Raf1 Rfe8 30. b4 Ne4 31. Qc1 Qc4 32. Qd1 Qxa2 33. Qd4 Rxg2 34.
Ra1 Qb2 35. Qd5+ Kh8 36. Re1 Re2 37. Rxe2 Qxe2 38. Re3 Qf1# 0-1

[Event "TCh-FRA Top 12 2016"]
[Site "Drancy FRA"]
[Date "2016.05.29"]
[Round "2.6"]
[Board "6"]
[White "Le Corre, Benjamin"]
[Black "Favarel, Antoine"]
[Result "0-1"]
[WhiteTitle "FM"]
[BlackTitle "FM"]
[WhiteElo "2351"]
[BlackElo "2348"]
[WhiteTeam "VANDOEUVRE Echecs"]
[BlackTeam "L'Echiquier Chalonnais, CHALONS-EN-CHAMPAGNE"]
[WhiteFideId "639605"]
[BlackFideId "642371"]
[EventDate "2016.05.28"]

1. e4 c5 2. c3 d5 3. exd5 Qxd5 4. d4 g6 5. Nf3 Bg7 6. Na3 cxd4 7. Bc4 Qe4+ 8.
Be3 Nh6 9. cxd4 O-O 10. O-O Bg4 11. Ng5 Bxd1 12. Nxe4 Bg4 13. h3 Bf5 14. Nc5 Nc6
15. g4 Bc8 16. Rad1 Rd8 17. d5 Ne5 18. Be2 b6 19. f4 Nexg4 20. hxg4 Bxg4 21.
Rfe1 bxc5 22. Bxc5 Bxe2 23. Rxe2 Nf5 24. Nc4 Bf6 25. Ne5 Bxe5 26. fxe5 Rd7 27.
Red2 Rad8 28. b4 f6 29. e6 Rb7 30. a4 Nd6 31. Rd4 Kg7 32. a5 a6 33. Bxd6 Rxd6
34. Rc1 f5 35. Rc5 Kf6 36. Kf2 g5 37. Ke3 h5 38. Rc8 Ke5 39. Rg8 Rxd5 40. Rxd5+
Kxd5 41. Rxg5 Kxe6 42. Rxh5 Ke5 43. Rh4 Rc7 44. b5 axb5 45. Rb4 Rc5 46. a6 Kf6
47. Rb3 b4 48. Rxb4 Ra5 49. Rb6+ Ke5 50. Kf3 Ra3+ 51. Ke2 e6 52. Kf2 f4 53. Ke2
Kf5 54. Kf2 e5 55. Ke2 e4 56. Rh6 Ra2+ 57. Kd1 e3 0-1

[Event "TCh-FRA Top 12 2016"]
[Site "Drancy FRA"]
[Date "2016.05.29"]
[Round "2.6"]
[Board "7"]
[White "Anic, Darko"]
[Black "Iglesias, Joachim"]
[Result "0-1"]
[WhiteTitle "GM"]
[WhiteElo "2381"]
[BlackElo "2292"]
[WhiteTeam "L'Echiquier Chalonnais, CHALONS-EN-CHAMPAGNE"]
[BlackTeam "VANDOEUVRE Echecs"]
[WhiteFideId "602612"]
[BlackFideId "637823"]
[EventDate "2016.05.28"]

1. Nf3 d6 2. d4 Nf6 3. c4 Nbd7 4. Nc3 c6 5. g3 e5 6. Qc2 Be7 7. Bg2 O-O 8. O-O
Re8 9. Rd1 Bf8 10. b3 e4 11. Ng5 d5 12. cxd5 cxd5 13. Nb5 Nb6 14. Nc7 h6 15.
Nxe8 Qxe8 16. Nh3 Bf5 17. Qc7 g5 18. a4 Qe6 19. a5 Bd6 20. Qxb7 Rb8 21. Nxg5
hxg5 22. Qxa7 Nc8 23. Qa6 Ng4 24. Ba3 Qh6 25. h3 Nxf2 26. Bxd6 Nxd1 27. Rxd1
Qxd6 28. Qxd6 Nxd6 29. a6 Rxb3 30. Ra1 Rb8 31. g4 Be6 32. e3 Nc4 33. Bf1 Kf8 34.
Kf2 Ke7 0-1

[Event "TCh-FRA Top 12 2016"]
[Site "Drancy FRA"]
[Date "2016.05.29"]
[Round "2.6"]
[Board "8"]
[White "Steil-Antoni, Fiona"]
[Black "De Seroux, Camille"]
[Result "1/2-1/2"]
[WhiteTitle "WIM"]
[BlackTitle "WFM"]
[WhiteElo "2185"]
[BlackElo "2085"]
[WhiteTeam "VANDOEUVRE Echecs"]
[BlackTeam "L'Echiquier Chalonnais, CHALONS-EN-CHAMPAGNE"]
[WhiteFideId "4001249"]
[BlackFideId "1305620"]
[EventDate "2016.05.28"]

1. e4 c5 2. Nf3 Nc6 3. c3 d5 4. exd5 Qxd5 5. d4 Nf6 6. Be2 cxd4 7. cxd4 e6 8.
Nc3 Qd6 9. O-O Be7 10. h3 O-O 11. Be3 b6 12. Rc1 Bb7 13. a3 Rac8 14. Bd3 Rfd8
15. Bb1 h6 16. Qc2 Na5 17. Ne5 Be4 18. Nxe4 Rxc2 19. Nxd6 Rxc1 20. Rxc1 Bxd6 21.
b4 Nb7 22. Nc6 Ra8 23. g3 a5 24. bxa5 Nxa5 25. a4 Ba3 26. Rc3 Nxc6 27. Rxc6 Rxa4
28. Rxb6 Rb4 29. Rxb4 Bxb4 30. Kg2 Kf8 1/2-1/2

[Event "TCh-FRA Top 12 2016"]
[Site "Drancy FRA"]
[Date "2016.05.30"]
[Round "3.1"]
[Board "1"]
[White "Kveinys, Aloyzas"]
[Black "Bacrot, Etienne"]
[Result "1/2-1/2"]
[WhiteTitle "GM"]
[BlackTitle "GM"]
[WhiteElo "2539"]
[BlackElo "2702"]
[WhiteTeam "Les Tours de Haute Picardie, SAINT QUENTIN"]
[BlackTeam "BISCHWILLER"]
[WhiteFideId "12800040"]
[BlackFideId "605506"]
[EventDate "2016.05.28"]

1. d4 d5 2. c4 e6 3. Nc3 Be7 4. Nf3 Nf6 5. Bf4 O-O 6. e3 Nbd7 7. a3 c5 8. cxd5
Nxd5 9. Nxd5 exd5 10. dxc5 Nxc5 11. Be5 Bf6 12. Bxf6 Qxf6 13. Qd4 Qxd4 14. Nxd4
Bd7 15. Be2 Ne6 16. Kd2 Nxd4 1/2-1/2

[Event "TCh-FRA Top 12 2016"]
[Site "Drancy FRA"]
[Date "2016.05.30"]
[Round "3.1"]
[Board "2"]
[White "Rodshtein, Maxim"]
[Black "David, Alberto"]
[Result "1-0"]
[WhiteTitle "GM"]
[BlackTitle "GM"]
[WhiteElo "2689"]
[BlackElo "2571"]
[WhiteTeam "BISCHWILLER"]
[BlackTeam "Les Tours de Haute Picardie, SAINT QUENTIN"]
[WhiteFideId "2806851"]
[BlackFideId "4000013"]
[EventDate "2016.05.28"]

1. d4 Nf6 2. c4 e6 3. Nf3 b6 4. g3 Bb7 5. Bg2 Be7 6. Nc3 Ne4 7. Bd2 Bf6 8. Qc2
Nxd2 9. Qxd2 d6 10. O-O O-O 11. e4 Nc6 12. Rad1 g6 13. h4 Bg7 14. b3 Qe7 15.
Rfe1 Rad8 16. h5 gxh5 17. Ne2 Qf6 18. Nh4 Qh6 19. f4 Ne7 20. Kf2 c5 21. d5 f5
22. exf5 exd5 23. Nc3 Bd4+ 24. Kf1 Qg7 25. Rxe7 Qxe7 26. Nxd5 Qg7 27. Qd3 Bxd5
28. Bxd5+ Kh8 29. Kg2 Rde8 30. Be6 Qb7+ 31. Qf3 Qxf3+ 32. Nxf3 Bf6 33. Rh1 b5
34. cxb5 d5 35. Rxh5 c4 36. bxc4 dxc4 37. Bxc4 Re4 38. Be6 Re2+ 39. Kh3 Re8 40.
Ng5 Re7 41. Rh6 1-0

[Event "TCh-FRA Top 12 2016"]
[Site "Drancy FRA"]
[Date "2016.05.30"]
[Round "3.1"]
[Board "3"]
[White "Sumets, Andrey"]
[Black "Naiditsch, Arkadij"]
[Result "0-1"]
[WhiteTitle "GM"]
[BlackTitle "GM"]
[WhiteElo "2571"]
[BlackElo "2663"]
[WhiteTeam "Les Tours de Haute Picardie, SAINT QUENTIN"]
[BlackTeam "BISCHWILLER"]
[WhiteFideId "14105500"]
[BlackFideId "4650891"]
[EventDate "2016.05.28"]

1. d4 Nf6 2. c4 g6 3. Nc3 Bg7 4. e4 d6 5. Nf3 O-O 6. Be2 Na6 7. O-O e5 8. Re1
Qe8 9. Bf1 Bg4 10. d5 Nb4 11. Be2 a5 12. Be3 Na6 13. Nd2 Bd7 14. a3 a4 15. b4
axb3 16. Nxb3 Ba4 17. Nxa4 Qxa4 18. f3 Nd7 19. Qb1 b6 20. Nd2 Nac5 21. Rc1 Ra7
22. Bd1 Qa5 23. a4 Rfa8 24. Ra3 Qa6 25. Bc2 h5 26. Qb4 Qc8 27. Nb1 Kh7 28. Nc3
Bh6 29. Bxh6 Kxh6 30. Nb5 Ra5 31. Rca1 Qd8 32. Qd2+ Kg7 33. g3 h4 34. gxh4 Qxh4
35. Nxc7 Rh8 36. Nb5 Qe7 37. Kh1 Nf6 38. Rg1 Raa8 39. a5 bxa5 40. Rxa5 Rxa5 41.
Qxa5 Nh5 42. Rg4 Qf6 43. Qc3 Nf4 44. Nxd6 Kf8 45. Nb5 Rxh2+ 46. Kxh2 Qh8+ 47.
Kg1 Ne2+ 0-1

[Event "TCh-FRA Top 12 2016"]
[Site "Drancy FRA"]
[Date "2016.05.30"]
[Round "3.1"]
[Board "4"]
[White "Edouard, Romain"]
[Black "Neiksans, Arturs"]
[Result "1/2-1/2"]
[WhiteTitle "GM"]
[BlackTitle "GM"]
[WhiteElo "2641"]
[BlackElo "2627"]
[WhiteTeam "BISCHWILLER"]
[BlackTeam "Les Tours de Haute Picardie, SAINT QUENTIN"]
[WhiteFideId "633429"]
[BlackFideId "11601388"]
[EventDate "2016.05.28"]

1. e4 c5 2. Nf3 Nc6 3. d4 cxd4 4. Nxd4 e6 5. Nc3 Qc7 6. Be3 a6 7. Qf3 Nf6 8.
O-O-O Ne5 9. Qg3 b5 10. f4 Neg4 11. Bd2 b4 12. Na4 Qa7 13. e5 Qxd4 14. exf6 Nf2
15. Qf3 Rb8 16. Bc3 Qxd1+ 17. Qxd1 Nxd1 18. fxg7 Bxg7 19. Bxg7 Nf2 20. Bxh8 Nxh1
21. Be5 Rb5 22. Bxb5 axb5 23. Nc5 Nf2 24. Bd4 d6 25. Bxf2 dxc5 26. Bxc5 b3 27.
axb3 Kd7 28. Kd2 Kc6 29. Bf8 Kd5 30. Kc3 f5 31. Kb4 Kc6 32. c4 Bb7 33. g3 h5 34.
Kc3 Bc8 35. Kd4 Ba6 36. Bb4 Bb7 37. Ke5 Kd7 38. Kf6 Bf3 39. cxb5 Bd5 40. Kg6 Bf3
41. Bc3 Kc8 42. Bd4 Kb7 43. h3 Kc8 44. b4 Kb7 45. Bg1 Kc8 46. b6 Kb7 47. Kf6 Bd5
48. Ke5 Bc4 49. Kd6 Bb3 50. Kc5 Ba2 51. Be3 Bb3 52. Bf2 Ba4 53. Kd4 Bb3 54. Be3
Ba4 55. Ke5 Bb3 56. Kd6 Bc4 57. Bf2 Bb3 58. h4 Bd1 59. Kxe6 Bg4 1/2-1/2

[Event "TCh-FRA Top 12 2016"]
[Site "Drancy FRA"]
[Date "2016.05.30"]
[Round "3.1"]
[Board "5"]
[White "Marcelin, Cyril"]
[Black "Schlosser, Philipp"]
[Result "1/2-1/2"]
[WhiteTitle "GM"]
[BlackTitle "GM"]
[WhiteElo "2477"]
[BlackElo "2539"]
[WhiteTeam "Les Tours de Haute Picardie, SAINT QUENTIN"]
[BlackTeam "BISCHWILLER"]
[WhiteFideId "607274"]
[BlackFideId "4600169"]
[EventDate "2016.05.28"]

1. e4 c5 2. c3 d5 3. exd5 Qxd5 4. d4 Nf6 5. Nf3 e6 6. Na3 Qd8 7. Nc4 Be7 8. Bg5
O-O 9. dxc5 Bxc5 10. Bd3 Nbd7 11. O-O b6 12. Nfe5 Nxe5 13. Nxe5 Bb7 14. Bc2 h6
15. Bxf6 Qxf6 16. Qd3 g6 17. Nd7 Qg5 18. Qg3 Rfd8 1/2-1/2